000 00434cam a22001934a 4500
005 20250605164202.0
008 250528s ||||||||||||||||||||||||d
035 _a19759
020 _a750623535
040 _aGR-AtMCL
_bgre
_dGR-AtMCL
_eAACR2
245 1 _aGLOBAL TOURISM
250 _a4
260 _bButterworths,
_c1994
300 _a406
700 1 _aTheobald
_95952
942 _cBK
999 _c5015
_d5015